00715 2200241 4500001002100000005001500021035002000036007000300056008004100059020002200100082000800122084001400130100002100144245012200165260003000287300003500317650003000352700002000382700002100402504002800423990001100451990001100462INLIS00000000000678820210302024107 a0010-0321000158ta210302 g 0 ind  a978-979-29-6261-1 a613 a613 RAC k0 aRACHMAT, Hidayat1 aKesehatan Gigi dan Mulut :bApa yang sebaiknya Anda Tahu? /cRachmat Hidayat, Astrid Hidayat; editor, Putri Christian aYogyakarta :bAndi,c2016 aix, 91 hal. :bilus. ;c21 cm. 4aKESEHATAN. GIGI DAN MULUT0 aASTRID, Hidayat0 aPUTRI, Christian aBibliografi : hal.89-91 a7970 a a7970 b